| 000 | 00514cam a2200205ua 4500 | ||
|---|---|---|---|
| 001 | 2192 | ||
| 005 | 20260515113446.0 | ||
| 008 | 110806n ii |||gr||||Z||||||eng | ||
| 020 | _a81-7041-649-3 | ||
| 040 | _cMAIN | ||
| 082 | _a370.711 | ||
| 100 |
_aSharma, S. R., _eAuthor. |
||
| 245 | 1 |
_aTeacher education in india _cby S. R. Sharma |
|
| 250 | _a1st. | ||
| 260 |
_aNew Delhi: _bAnmol publication,992. |
||
| 300 |
_a650p: _c23cm. |
||
| 653 | _aEducation | ||
| 653 | _aTeacher education in india | ||
| 942 | _cBK | ||
| 999 |
_c2058 _d2058 |
||